000 00882nam2a22002531 4500
001 RU\NLR\INFOCOMM\1000028051
005 20260607115329.0
035 _a(NLR Aleph) 002483639
090 _a13724928
_c13724928
100 _a20040114d1954 |||y0rusy50 ca
101 0 _arus
102 _aAM
105 _ay |||||||||
200 1 _aОб эволюции открытых звездных скоплений
_fМаркарян, Б.Е.
210 _d1954
461 0 _1001RU\NLR\INFOCOMM\1000028039
_12001#$aСообщения Бюроканской обсерватории$fАкад.наук Армянской СССР$gОтв. ред. В.Амбарцумян$vВып.12
700 1 _aМаркарян
_bБ. Е.
_4070
801 0 _aRU
_bNLR
_gPSBO
801 1 _aRU
_bInfoComm
_c20040114
852 _aNLR
_jП7/382
942 _cISSUE
980 _aRUSPER
980 _aNB